000 00459nam a2200193Ia 4500
005 20240823045000.0
008 240823s9999||||xx |||||||||||||| ||und||
041 _aENGLISH
082 _A5.133
100 _aEdwin Dayanand I
245 0 _aOperating System with Lab Manual
250 _a1st
260 _bN . V Publica
500 _aYES
650 _aOperating System
_bComputer Science
700 _a Selvakumar R K
942 _cBK
999 _c213888
_d213888